[Event "Benasque op 41st"]
[Site "Benasque"]
[Date "2022.07.06"]
[Round "1"]
[White "Plat, Vojtech"]
[Black "Vera Jimenez, Andres"]
[Result "1-0"]
[WhiteElo "2554"]
[BlackElo "1884"]
[PlyCount "47"]
[EventDate "2022.07.06"]
[EventType "swiss"]
[EventRounds "10"]
[EventCountry "ESP"]
[SourceTitle "EXT 2023"]
[Source "ChessBase"]
[SourceDate "2022.10.05"]
[SourceVersion "1"]
[SourceVersionDate "2022.10.05"]
[SourceQuality "1"]

1. e4 d6 2. d4 Nf6 3. Nc3 e5 4. Nf3 Nbd7 5. Bc4 Be7 6. a4 a5 7. Ng5 0-0 8. Bxf7+ Rxf7 9. Ne6 Qe8 10. Nxc7 Qd8 11. Nxa8 b6 12. dxe5 dxe5 13. Nd5 Nxe4 14. Nxe7+ Qxe7 15. Be3 Qb4+ 16. c3 Qxb2 17. 0-0 Ba6 18. Qb1 Qxb1 19. Rfxb1 Nxc3 20. Rb2 Nd5 21. Nxb6 N7f6 22. Nxd5 Nxd5 23. Rb8+ Rf8 24. Rxf8+ 1-0

[Event "Aragon-chT Preferente B"]
[Site "Aragon"]
[Date "2017.03.11"]
[Round "7.63"]
[White "Carruez Berges, Santiago"]
[Black "Vera Jimenez, Andres"]
[Result "0-1"]
[WhiteElo "2030"]
[BlackElo "1947"]
[PlyCount "102"]
[EventDate "2017.01.28"]
[EventType "team-tourn"]
[EventRounds "9"]
[EventCountry "ESP"]
[SourceTitle "EXT 2018"]
[Source "ChessBase"]
[SourceDate "2017.10.13"]
[SourceVersion "1"]
[SourceVersionDate "2017.10.13"]
[SourceQuality "1"]
[WhiteTeam "Agrupacion II"]
[BlackTeam "Tauste"]
[WhiteTeamCountry "ESP"]
[BlackTeamCountry "ESP"]

1. e4 d6 2. d4 Nf6 3. Nc3 e5 4. dxe5 dxe5 5. Qxd8+ Kxd8 6. Nf3 Bd6 7. Be3 Ke7 8. 0-0-0 h6 9. h3 Be6 10. Nd2 Nc6 11. Nc4 Rad8 12. Nxd6 cxd6 13. Be2 a6 14. Bf3 b5 15. Rhe1 Rc8 16. Rd2 Rhd8 17. Nd5+ Bxd5 18. exd5 Nb8 19. Bb6 Re8 20. g4 Nbd7 21. Be3 Kf8 22. g5 hxg5 23. Bxg5 Nb6 24. Bxf6 gxf6 25. Be4 Ke7 26. Rd3 Rc4 27. b3 Rc5 28. Kd2 f5 29. Bxf5 Nxd5 30. Rg3 Kf6 31. Bg4 Nf4 32. Rc3 Rxc3 33. Kxc3 d5 34. Kb4 e4 35. Kc5 Ke5 36. Bd7 Re7 37. Kc6 f5 38. Bc8 a5 39. Ba6 b4 40. Bf1 Ne6 41. Kb6 Nd4 42. Rc1 f4 43. Kxa5 Ra7+ 44. Kxb4 Rxa2 45. Kc3 Ra8 46. Kd2 Nf3+ 47. Kd1 Ra2 48. Be2 Nd4 49. Bf1 f3 50. b4 Rb2 51. c3 Nb3 0-1

[Event "Aragon-chT Honor I"]
[Site "Spain"]
[Date "2011.03.05"]
[Round "5.15"]
[White "Vera Jimenez, Andres"]
[Black "Labena Bernal, Antonio"]
[Result "0-1"]
[WhiteElo "2006"]
[BlackElo "2073"]
[PlyCount "138"]
[EventDate "2011.02.05"]
[EventType "team-tourn"]
[EventRounds "7"]
[EventCountry "ESP"]
[SourceTitle "EXT 2013"]
[Source "ChessBase"]
[SourceDate "2012.11.22"]
[SourceVersion "1"]
[SourceVersionDate "2012.11.22"]
[SourceQuality "1"]
[WhiteTeam "Tauste"]
[BlackTeam "St Casablanca II"]
[WhiteTeamCountry "ESP"]
[BlackTeamCountry "ESP"]

1. Nf3 Nf6 2. d4 d5 3. g3 e6 4. Bg2 Nbd7 5. 0-0 Bd6 6. b3 e5 7. dxe5 Nxe5 8. Bb2 Qe7 9. Nbd2 0-0 10. Nxe5 Bxe5 11. Bxe5 Qxe5 12. Nf3 Qb2 13. Qc1 Qc3 14. Qd2 Qc5 15. b4 Qe7 16. Rfe1 Re8 17. Rad1 Ne4 18. Qd4 c6 19. a3 Bf5 20. Nh4 Bc8 21. Bxe4 Qxe4 22. Qxe4 Rxe4 23. f3 Rc4 24. e4 Be6 25. Rd2 dxe4 26. Rxe4 Rxe4 27. fxe4 a5 28. Kf2 g6 29. Nf3 axb4 30. axb4 Ra4 31. c3 Ra3 32. Rc2 Kg7 33. Ke3 Bg4 34. Ne5 Bc8 35. Nc4 Ra7 36. Kd4 Be6 37. Nd6 b6 38. e5 Ra1 39. Rd2 Rc1 40. Ne8+ Kf8 41. Nf6 Kg7 42. Ne4 Kf8 43. Nd6 c5+ 44. bxc5 bxc5+ 45. Kd3 Re1 46. Re2 Rd1+ 47. Kc2 Rd5 48. Nb7 Bc8 49. Na5 Ke7 50. Re3 Ke6 51. Nb3 Ba6 52. Kb2 Bc4 53. Na5 Bf1 54. Nb3 Bc4 55. Na5 Ba6 56. Nb3 Bf1 57. Kc2 Ba6 58. Re1 Bc4 59. Na5 Ba6 60. Kb3 Rxe5 61. Ra1 Be2 62. Nc6 Re4 63. Ra5 Kd6 64. Nd8 Bc4+ 65. Kb2 Re2+ 66. Kc1 Bd5 67. Ra6+ Kd7 68. Rf6 Rxh2 69. Nxf7 Ke7 0-1

[Event "Aragon-chT Honor I"]
[Site "Spain"]
[Date "2011.02.12"]
[Round "2.7"]
[White "Vera Jimenez, Andres"]
[Black "Hernando Garcia, Antonio"]
[Result "0-1"]
[WhiteElo "2006"]
[BlackElo "2215"]
[PlyCount "118"]
[EventDate "2011.02.05"]
[EventType "team-tourn"]
[EventRounds "7"]
[EventCountry "ESP"]
[SourceTitle "EXT 2013"]
[Source "ChessBase"]
[SourceDate "2012.11.22"]
[SourceVersion "1"]
[SourceVersionDate "2012.11.22"]
[SourceQuality "1"]
[WhiteTeam "Tauste"]
[BlackTeam "Olivar"]
[WhiteTeamCountry "ESP"]
[BlackTeamCountry "ESP"]

1. e4 d5 2. exd5 Qxd5 3. Nc3 Qd8 4. d4 c6 5. Bc4 Bf5 6. Nf3 e6 7. Ne5 Nd7 8. Qe2 Nxe5 9. dxe5 Bb4 10. Bb3 Qd4 11. Bd2 Bxc3 12. Bxc3 Qe4 13. f3 Qxe2+ 14. Kxe2 Ne7 15. g4 Bg6 16. Bb4 Nd5 17. Bxd5 cxd5 18. c3 b6 19. Ke3 h5 20. h3 Kd7 21. a4 a5 22. Bd6 Rac8 23. Rac1 Rc6 24. b3 hxg4 25. fxg4 Rh4 26. Kf4 Rh8 27. Ke3 Be4 28. Rh2 g5 29. Ba3 Rh6 30. Bf8 Rg6 31. Rf2 Ke8 32. Ba3 Rh6 33. Rh2 f5 34. exf6 Rxf6 35. Rf2 Rxf2 36. Kxf2 Rc7 37. Kg1 Rh7 38. Kh2 Rf7 39. Bd6 Rf2+ 40. Kg1 Rg2+ 41. Kf1 Rb2 42. b4 Kd7 43. Bf8 Rh2 44. Ke1 Rxh3 45. bxa5 bxa5 46. Kd2 Rd3+ 47. Ke2 Rg3 48. Bc5 Kc6 49. Be3 Rxg4 50. Rg1 Rxg1 51. Bxg1 Bc2 52. Kf3 Bxa4 53. Kg4 Bd1+ 54. Kxg5 Kb5 55. Kf6 Bg4 56. Ke5 Kc4 57. Be3 a4 58. Bc1 Kb3 59. Kd4 a3 0-1

[Event "Aragon-chT"]
[Site "Aragon"]
[Date "2008.02.16"]
[Round "3"]
[White "Vera Jimenez, Andres"]
[Black "Laplaza Ara, Carlos"]
[Result "1-0"]
[WhiteElo "2035"]
[BlackElo "2008"]
[PlyCount "71"]
[EventDate "2008.02.02"]
[EventType "team-swiss"]
[EventRounds "12"]
[EventCountry "ESP"]
[SourceTitle "EXT 2011"]
[Source "ChessBase"]
[SourceDate "2010.11.26"]
[SourceVersion "1"]
[SourceVersionDate "2010.11.26"]
[SourceQuality "1"]

1. d4 d5 2. c4 e6 3. Nc3 Nf6 4. Bg5 Be7 5. e3 Nbd7 6. Nf3 0-0 7. Bd3 dxc4 8. Bxc4 c5 9. 0-0 cxd4 10. exd4 Nb6 11. Bb3 Nbd5 12. Rc1 b6 13. Nxd5 Nxd5 14. Bxd5 exd5 15. Bxe7 Qxe7 16. Re1 Qb4 17. Qd2 Qxd2 18. Nxd2 Be6 19. Rc7 Rfc8 20. Rec1 Kf8 21. Kf1 Ke8 22. Ke2 Kd8 23. Rxc8+ Rxc8 24. Rxc8+ Kxc8 25. Ke3 Kd7 26. f4 f6 27. Nf1 g6 28. Kf3 Bf5 29. g4 Be4+ 30. Ke3 Ke6 31. Ng3 Bb1 32. a3 h6 33. h4 Bc2 34. g5 h5 35. Kd2 Be4 36. Nxe4 1-0